Statistics for Longest Unbeaten Runs in the Premier League

Click here to take the quiz!

General Stats

  • This quiz has been taken 140 times
    (130 since last reset)
  • The average score is 7 of 48

Answer Stats

DatesRunClub% Correct
7 May 2003 – 24 October 200449Arsenal
98%
12 January 2019 – 29 February 202044Liverpool
91%
23 October 2004 – 29 October 200540Chelsea
89%
8 April 2017 – 2 January 201830Manchester City
89%
11 April 2010 – February 201129Manchester United
84%
23 December 2017 – 7 April 201814Tottenham Hotspur
40%
27 February – 15 May 201612Leicester City
28%
7 May – 5 November 201114Newcastle United
16%
26 February – 6 November 199525Nottingham Forest
13%
4 September – 14 December 1996†14Wimbledon
13%
30 August – 8 December 199314Leeds United
12%
24 March – 25 August 201211Everton
11%
22 January – 5 February 19942Swindon Town
9%
18 December 1999 – 15 March 200012Aston Villa
8%
18 November – 23 December 20178Crystal Palace
7%
23 November 2002 – 11 January 20039Southampton
7%
13 February – 30 April 201610West Ham United
7%
20 February – 19 March 20114Wolverhampton Wanderers
7%
24 February 2018 – 14 April 20186Burnley
5%
9 November – 28 December 20089Fulham
5%
16 – 30 December 20174Huddersfield Town
5%
28 February – 14 March 19983Barnsley
4%
25 August – 14 September 20133Cardiff City
4%
2 May – 19 September 19988Derby County
4%
25 August – 6 November 199910Sunderland
4%
24 October 2009 – 9 January 201012Birmingham City
3%
13 November – 28 December 20105Blackpool
3%
2 January – 26 February 20067Bolton Wanderers
3%
21 – 30 April 20003Bradford City
3%
13 September – 25 October 20086Hull City
3%
24 October – 28 December 199210Ipswich Town
3%
18 September – 20 November 19938Norwich City
3%
20 March – 7 April 19934Oldham Athletic
3%
15 September – 8 December 200711Portsmouth
3%
1 January – 10 February 20076Reading
3%
21 April – 14 August 19935Sheffield United
3%
19 October 1996 – 11 January 199712Sheffield Wednesday
3%
10 November – 29 December 201210Stoke City
3%
23 December 2012 – 29 January 20137Swansea City
3%
12 February – 9 April 20117West Bromwich Albion
3%
27 August – 5 November 20059Wigan Athletic
3%
24 February – 7 April 20187Bournemouth
2%
31 January 2018 – 4 March 20185Brighton & Hove Albion
2%
25 January – 14 March 19959Coventry City
2%
3 October – 19 December 199811Middlesbrough
2%
3 April – 11 May 19937Queens Park Rangers
2%
28 November – 26 December 20155Watford
2%
30 December 2000 – 3 March 20019Charlton Athletic
1%

Score Distribution

Percentile by Number Answered

Percent of People with Each Score

Your Score History

You have not taken this quiz since the last reset